000 00497nam a2200157 i 4500
001 94843
003 ES-MaACL
005 20230906181553.0
007 t|
008 050517s1911 xxk ||||1| eng d
100 1 _aLubbock, John
_cSir (
_d1834-1913)
_974494
245 1 0 _aMariage, toteism and religion
_b: an answer to critics /
_cJohn Lubbock, lord Avebury.
260 _aLondon (Edimburgh) :
_b[Ballantyne. Hanson and Co.],
_c1911.
300 _aX, 244 p. ;
_c20 cm.
852 _aES-MaACL
_jC-979
999 _c94843
_d94843